000 01006nam a2200277 a 4500
001 68825
003 BD-RjUL
005 20211209081820.0
008 170406s1965 cau 000 1 engx
035 _a(BD-RjUL)69036
040 _aDLC
_cODaWU
_dOCoLC
_dDLC
_dBD-RjUL
_beng
041 1 _aengchi
082 _223
_a895.1348
_bJUF 1965
100 1 _aLi, Ju-chen,
_dapproximately 1763-approximately 1830.
_9203955
245 1 0 _aFlowers in the mirror /
_cby Li Ju-chen ; Translated and edited by Lin Tai-yi.
260 _aLondon :
_bPeter Owen,
_cc1965.
300 _a310 p. ;
_c24 cm.
490 _aUNESCO collection of representative works chinese series.
500 _aTranslation of Ching hua yüan (romanized form)
650 _aChinese fiction
_9148080
650 _aQing Dynasty (China)
_9203956
650 _aFantasy fiction, Chinese
_9203957
700 1 _aLin, Tai-yi,
_d1926-
_etr. and ed.
_9203958
830 _aUNESCO collection of representative works chinese series.
_9203960
942 _2ddc
_cBK
999 _c68825
_d68825